000 01807cam a2200493 a 4500
001 21406
003 VRT
005 20260228144421.0
008 240314s2010 xr a b 000 j slo
015 _aSNBZSA2015
020 _a9788000027265
_q(viaz.)
035 _aE5324934-B7DC-46B3-9C61-FD8AB0C561BA
035 _aurn:nbn:sk:snk-aml0mf
035 _aurn:nbn:sk:snk-am008nr6
039 9 _a202405151220
_bAUTHORITY
_c202403141042
_dVLOAD
_c201808010856
_dVLOAD
_c201703281443
_dmvthk03
040 _aHEVK
_bslo
_cHEVK
_dSNK
_eAACR2
041 1 _aslo
_hcze
044 _axr
_cCZ
072 7 _a821.162.3
_xČeská literatúra
_2konspekt
072 7 _a821-93
_xLiteratúra pre deti a mládež (beletria)
_2konspekt
080 _a821.162.3-32
_22001
080 _a821-93
_22001
080 _a(0.053.2)
_22001
100 1 _aDrijverová, Martina,
_d1951-2022
_4aut
240 1 0 _aSísa Kyselá
_lSlovensky
245 1 0 _aSisa Kyslá
_cMartina Drijverová ; ilustroval Adolf Born ; [z českého originálu ... preložila Miroslava Vorobjevová]
250 _a1. slov. vyd.
260 _aV Prahe
_bAlbatros
_c2010
300 _a59 s.
_bfareb. ilustr.
_c21 cm
490 1 _aUž si čítame sami
521 _aPre začínajúcich čitateľov
655 7 _ačeské príbehy
_2SNKPH
655 7 _aCzech stories
_2SNKPHeng
655 7 _apublikácie pre deti
_2SNKPH
655 7 _aChildren's literature
_2SNKPHeng
700 1 _aBorn, Adolf,
_d1930-2016
_4ill
700 1 _aVorobjevová, Miroslava
_4trl
752 _aČesko
_dPraha
830 0 _aUž si čítame sami
910 _avthk
942 _2ddc
_cKLDE
_n0
949 _617A1168212
_asnkSC 165527
_bsnk2015/21623
_oVydavatelství a nakladatelství Aleš Čeněk42-ah/43Int. č. fa – 34/2015
_s6100:20151029
999 _c21406
_d21406